000 01329nam0a2200373 4500
001 RU\NLR\bibl\176931
005 20260405064640.0
010 _a5-9206-0066-7
_920000
021 _aRU
_b2001-20404
_9961
035 _a(NLR Aleph) 000173640
090 _a1001175
_c1001175
100 _a20010724d2001 |||y0rusy50 ca
101 0 _arus
102 _aRU
105 _aa |||||||||
200 1 _a600 практических советов женщинам. Лечебная косметика
_f[Дмитриева У.]
210 _aМ.
_cКонтинент-пресс
_d2001
215 _a415 с.
_cил.
_d20
225 1 _aМое здоровье
300 _aАвт. указан на обороте тит. л.
606 0 _aИндивидуальная гигиена
_91318342
_3RU\NLR\auth\66231397
606 0 _aКосметика
_91139345
_3RU\NLR\auth\66134768
610 0 _aКосметика врачебная
675 _a613.495
_v3
_zrus
686 _a76.33
_2rugasnti
686 _a51.204.1
_2rubbk
686 _aР120.4
700 1 _4070
_8rus
_7ca
_aДмитриева
_bУ.
_gУльяна
_cпопуляризатор
_3RU\NLR\auth\7722700
_95756
801 0 _aRU
_bRKP
_c20010724
_gPSBO
801 1 _aRU
_bRKP
_c20010724
801 2 _aRU
_bNLR
_c20120523
_grcr
942 _cBOOK
980 _aNB